|
|
|
|
| LEADER |
00000nab a2200000 ar4500 |
| 001 |
vtls009006256 |
| 003 |
SK-MaSNL |
| 005 |
20260303065731.0 |
| 008 |
070710c2007 xo mr|p|||||||000 b|slo |
| 015 |
|
|
|a SNBRB2007/07
|2 snkbucl
|
| 038 |
|
|
|a SNKBUCL
|
| 040 |
|
|
|a SNKBUCL
|b slo
|c SNKBUCL
|e AACR2
|
| 041 |
0 |
|
|a slo
|
| 044 |
|
|
|a xo
|c SK
|
| 080 |
|
|
|a 368.811
|2 2001
|
| 080 |
|
|
|a 368
|x (437.6)
|2 2001
|
| 100 |
1 |
|
|a Migaš, Roland
|4 ivr
|4 aut
|9 1032694
|
| 245 |
1 |
0 |
|a Pomáhame klientom na Slovensku aj v zahraničí vo chvíľach, keď odberatelia neplatia
|b poistenie pohľadávok sa stáva nutnosťou
|c Roland Migaš, Tomáš Mezírek
|
| 300 |
|
|
|b Fotogr.
|
| 610 |
2 |
7 |
|a Atradius Credit Insurance (Slovensko)
|2 snkbucl
|9 1043067
|
| 650 |
0 |
7 |
|a pohľadávky
|2 snkbucl
|9 4611
|
| 650 |
0 |
7 |
|a poistenie
|2 snkbucl
|9 1690
|
| 700 |
1 |
|
|a Mezírek, Tomáš
|4 ive
|4 aut
|9 1066193
|
| 773 |
0 |
|
|t Financie
|g Roč. II., č. 6 (2007), s. 9
|x 1337-0146
|
| 852 |
|
|
|a SNK
|b KIS3GCP
|
| 958 |
|
|
|a SK
|
| 999 |
|
|
|c 1752416
|d 1754346
|